Statistics for Countries with the most Satellites

Click here to take the quiz!

General Stats

  • This quiz has been taken 108 times
  • The average score is 5 of 5

Answer Stats

SatelliteCountry% Correct
177China
100%
568United States
100%
133Russia
99%
42United Kingdom
93%
56Japan
91%

Score Distribution

Percentile by Number Answered

Percent of People with Each Score

Your Score History

You have not taken this quiz